| 000 | 00362nam a2200133Ia 4500 | ||
|---|---|---|---|
| 008 | 180730s9999||||xx |||||||||||||| ||und|| | ||
| 020 | _a9876543210007 | ||
| 082 |
_a770 _bALI/M |
||
| 100 | _aAlias Systems Corporation | ||
| 245 | 0 | _aMAAC/ Maya Academy of advanced Cinematics (Level/01/03) | |
| 260 |
_aMumbai _bAutodesk, Inc. _c2004 |
||
| 300 | _a243p | ||
| 942 | _aBK | ||
| 999 |
_c1983 _d1983 |
||